000 01547nam a2200409 i 4500
001 133334
003 FINmELB
005 20241217180638.0
006 m o d |
007 cr cnu||||||||
008 180610s2015 sp o 000 0 spa d
020 _a9788436833485
_q(e-book)
020 _z9788436833478
035 _a(OCoLC)1145080787
040 _aFINmELB
_bspa
_erda
_cFINmELB
050 4 _aQP360.5
_bB5167 2015
080 _a33:612.8
082 0 _a612.82
_223
100 1 _aBermejo, Pedro E.
245 1 3 _aEl cerebro del inversor :
_bcómo la neurociencia puede ayudarte a optimizar las decisiones en el mercado de valores /
_cPedro Bermejo.
264 1 _aMadrid :
_bPirámide,
_c2015.
300 _a1 recurso en línea (206 páginas)
336 _atexto
_btxt
_2rdacontent/spa
337 _acomputadora
_bc
_2rdamedia/spa
338 _arecurso en línea
_bcr
_2rdacarrier/spa
490 1 _aColección Empresa y gestión
588 _aDescripción basada en metadatos suministrados por el editor y otras fuentes.
590 _aRecurso electrónico. Santa Fe, Arg.: elibro, 2020. Disponible vía World Wide Web. El acceso puede estar limitado para las bibliotecas afiliadas a elibro.
650 0 _aNeuroeconomics.
650 4 _aEconomía.
655 4 _aLibros electrónicos.
797 2 _aelibro, Corp.
830 0 _aColección Empresa y gestión.
856 4 0 _uhttps://elibro.net/ereader/politecnicointernacional/115970
999 _c133334
_d133334